Jalen Hurts Touchdown Receptions - Statistics

General Stats
  • This quiz has been taken 24 times
  • The average score is 11 of 20
Answer Stats
Hint Answer % Correct
25 AJ Brown
100%
25 Devonta Smith
100%
17 Dallas Goedert
90%
4 Saquon Barkley
90%
1 Jahan Dotson
81%
1 Grant Calcaterra
71%
3 Julio Jones
67%
2 Zach Ertz
67%
1 D'Andre Swift
48%
1 DeSean Jackson
43%
2 Jalen Reagor
43%
1 Kenneth Gainwell
43%
1 Lane Johnson
43%
2 Olamide Zaccheaus
38%
4 Quez Watkins
38%
6 Greg Ward Jr.
33%
1 Alshon Jeffery
29%
1 Johnny Wilson
24%
1 Parris Campbell
19%
1 Zach Pascal
14%
No matching quizzes found
Score Distribution
Percent of People with Each Score
Percentile by Number Answered
Your Score History
You have not taken this quiz